Θεωρία παιγνίων : στρατηγική λήψη αποφάσεων : [εργασία]

Αποθηκεύτηκε σε:
Λεπτομέρειες βιβλιογραφικής εγγραφής
Κύριος συγγραφέας: Γιαννούλης, Αθηναγόρας-Ευθύμιος
Συγγραφή απο Οργανισμό/Αρχή: Πανεπιστήμιο Αιγαίου. Σχολή Επιστημών της Διοίκησης. Τμήμα Διοίκησης Επιχειρήσεων
Άλλοι συγγραφείς: Φωτεινός, Μιχαήλ, Γκότσιας, Απόστολος (dgs [Επιβλέπων καθηγητής])
Μορφή: Thesis Βιβλίο
Γλώσσα:Greek
Δημοσίευση: 1996
Θέματα:
Ετικέτες: Προσθήκη ετικέτας
Δεν υπάρχουν, Καταχωρήστε ετικέτα πρώτοι!

MARC

LEADER 00000cam a2200000 i 4500
001 1/19382
008 960625s1996 gre d
035 |l 10021255 
040 |a GR-MY-UA  |b gre  |e aacr 
041 0 |a gre 
082 0 |a 658.40353  |2 (22) 
100 1 |a Γιαννούλης, Αθηναγόρας-Ευθύμιος. 
245 1 0 |a Θεωρία παιγνίων :  |b στρατηγική λήψη αποφάσεων : [εργασία] /  |c Αθηναγόρας-Ευθύμιος Γιαννούλης, Μιχαήλ Φωτεινός ; διδάσκων: Απ. Γκότσιας 
260 |c 1996 
300 |a 54 σ.;  |c 30 εκ. 
500 |a Διοικητική Οικονομική 
502 |a Εργασία - Πανεπιστήμιο Αιγαίου, Τμήμα Διοίκησης Επιχειρήσεων, 1996 
504 |a Περιλαμβάνει βιβλιογραφία 
610 2 0 |a Πανεπιστήμιο Αιγαίου. 
650 0 0 |a Game theory. 
650 0 0 |a Management games. 
700 1 |a Φωτεινός, Μιχαήλ. 
700 1 |a Γκότσιας, Απόστολος,  |e dgs [Επιβλέπων καθηγητής] 
710 2 |a Πανεπιστήμιο Αιγαίου.   |b Σχολή Επιστημών της Διοίκησης.   |b Τμήμα Διοίκησης Επιχειρήσεων. 
852 |a INST  |b CHIOS  |c PERG  |e 19960625  |h 658.40353 ΓΙΑ  |p 005200007510  |q 005200007510  |t PERG  |y 23 
901 |a BIBL2-2000-1 
901 |a BIBL2-2000-1 
909 |a Χ  |b 045694 
924 |a Γιαννούλης  |b Αθηναγόρας - Ευθύμιος  |y Χίος  |z 1997-02 
924 |a Φωτεινός  |b Μιχαήλ  |y Χίος  |z 1997-02 
970 |a Σαλαμούρα  |b Μαρία  |z 2000/03/02